[Event "90th GER-ch 2019"]
[Site "Magdeburg"]
[Date "2019.05.30"]
[Round "6.14"]
[White "Adiyaman, Rene"]
[Black "Guenther, Andreas"]
[Result "1-0"]
[WhiteElo "2175"]
[BlackElo "2121"]
[Annotator "ChessBase"]
[PlyCount "115"]
[EventDate "2019.05.26"]
[EventType "tourn"]
[EventCountry "GER"]
[SourceTitle "playchess.com"]
[Source "ChessBase"]
[SourceQuality "1"]
[TimeControl "40/5400+30:1800+30"]

1. e4 d5 2. exd5 Qxd5 3. Nc3 Qa5 4. Bc4 Nf6 5. Nf3 Nc6 6. O-O Bg4 7. Re1 e6 8. h3 Bh5 9. Bb5 O-O-O 10. Bxc6 bxc6 11. Qe2 Bd6 12. a3 Rhe8 13. Rb1 Qf5 14. b4 g5 15. Ne4 Nxe4 16. Qxe4 Qxe4 17. Rxe4 Bxf3 18. gxf3 Bf4 19. d3 Bxc1 20. Rxc1 Rd5 21. Rce1 Kd7 22. f4 Rg8 23. Kh2 Rg6 24. Kg3 gxf4+ 25. Kxf4 Rh5 26. Rh1 c5 27. h4 cxb4 28. axb4 a5 29. c3 axb4 30. cxb4 Rd5 31. Ke3 e5 32. Rc4 Rgd6 33. Rd1 Rd4 34. Rd2 h5 35. f3 c6 36. Ke2 Ke6 37. Rdc2 Rxd3 38. Rxc6 Rb3 39. R6c4 Rdd3 40. Rc6+ Kf5 41. Rh6 Re3+ 42. Kd2 Rxf3 43. Rxh5+ Kf4 44. Ke2 Rh3 45. Kf1 e4 46. Rc7 Rhf3+ 47. Kg2 Rb2+ 48. Kg1 Rg3+ 49. Kh1 f6 50. b5 Kg4 51. Rhc5 Rd3 52. Rg7+ Kh3 53. Rc1 e3 54. b6 Rxb6 55. Rcg1 Rb2 56. R7g3+ Kxh4 57. Rg4+ Kh5 58. Rg8 1-0

[Event "90th GER-ch 2019"]
[Site "Magdeburg"]
[Date "2019.05.30"]
[Round "6.15"]
[White "Gungl, Theo"]
[Black "Nosek, Reinhard"]
[Result "1-0"]
[WhiteElo "2331"]
[BlackElo "1913"]
[Annotator "TA"]
[PlyCount "37"]
[EventDate "2019.05.26"]
[EventType "tourn"]
[EventCountry "GER"]
[SourceTitle "playchess.com"]
[Source "ChessBase"]
[SourceQuality "1"]

{[%evp 1,1,30]} 1. e4 {Predecessor:} e5 $146 2. Nf3 Nc6 3. Bb5 Nf6 4. O-O Nxe4 5. Re1 Nd6 6. Nxe5 Be7 7. Bf1 Nxe5 8. Rxe5 O-O 9. d4 Bf6 10. Re1 Re8 11. c3 Rxe1 12. Qxe1 Ne8 13. a4 d5 14. a5 Qe7 15. Qxe7 Bxe7 16. a6 b6 17. Bb5 Be6 18. Na3 Bxa3 19. Rxa3 {1-0 (62) Andreikin,D (2759)-Wang,H (2795) Hengshui 2019} 1-0

[Event "90th GER-ch 2019"]
[Site "Magdeburg"]
[Date "2019.05.30"]
[Round "6.16"]
[White "Dauth, Benjamin"]
[Black "Bastian, Herbert"]
[Result "0-1"]
[WhiteElo "2295"]
[BlackElo "2297"]
[Annotator "ChessBase"]
[PlyCount "100"]
[EventDate "2019.05.26"]
[EventType "tourn"]
[EventCountry "GER"]
[SourceTitle "playchess.com"]
[Source "ChessBase"]
[SourceQuality "1"]
[TimeControl "40/5400+30:1800+30"]

1. e4 {[%emt 0:00:00]} d6 {[%emt 0:01:53]} 2. d4 {[%emt 0:00:09]} Nf6 {[%emt 0:00:16]} 3. Bd3 {[%emt 0:01:44]} e5 {[%emt 0:01:40]} 4. Ne2 {[%emt 0:02:45]} g6 {[%emt 0:04:59]} 5. O-O {[%emt 0:00:16]} Bg7 {[%emt 0:00:06]} 6. c3 {[%emt 0:01:54]} O-O {[%emt 0:00:39]} 7. h3 {[%emt 0:00:31]} Nc6 {[%emt 0:03:13]} 8. Bg5 {[%emt 0:00:20]} h6 {[%emt 0:06:28]} 9. Be3 {[%emt 0:02:26]} d5 {[%emt 0:06:18]} 10. f3 {[%emt 0:13:57]} Re8 {[%emt 0:02:18]} 11. Nd2 {[%emt 0:03:16]} b6 {[%emt 0:04:06]} 12. Bb5 {[%emt 0:07:37]} Bb7 {[%emt 0:02:56]} 13. dxe5 {[%emt 0:07:21]} Rxe5 {[%emt 0:03:50]} 14. f4 {[%emt 0:00:22]} Re7 {[%emt 0:03:05]} 15. e5 {[%emt 0:01:26]} Nh7 {[%emt 0:07:10]} 16. Qa4 {[%emt 0:04:29]} Nb8 {[%emt 0:09:39]} 17. Nf3 {[%emt 0:00:18]} c6 {[%emt 0:01:32]} 18. Bd3 {[%emt 0:00:24]} Nd7 {[%emt 0:00:16]} 19. b4 {[%emt 0:01:28]} Nhf8 {[%emt 0:01:55]} 20. Bf2 {[%emt 0:01:57]} Re8 {[%emt 0:04:17]} 21. Qc2 {[%emt 0:05:34]} c5 {[%emt 0:10:05]} 22. bxc5 {[%emt 0:05:17]} bxc5 {[%emt 0:00:07]} 23. Rab1 {[%emt 0:01:34]} Bc6 {[%emt 0:00:36]} 24. c4 {[%emt 0:01:36]} d4 {[%emt 0:00:32]} 25. Nd2 {[%emt 0:01:22]} g5 {[%emt 0:04:12]} 26. fxg5 {[%emt 0:00:07]} Nxe5 {[%emt 0:03:09]} 27. gxh6 {[%emt 0:01:34]} Bxh6 {[%emt 0:00:02]} 28. Ng3 {[%emt 0:01:16]} Nxd3 {[%emt 0:02:17]} 29. Qxd3 {[%emt 0:00:09]} Qg5 {[%emt 0:00:20]} 30. Nde4 {[%emt 0:02:37]} Rxe4 {[%emt 0:04:08]} 31. Nxe4 {[%emt 0:01:45]} Qg6 {[%emt 0:00:14]} 32. Rfe1 {[%emt 0:06:08]} Re8 {[%emt 0:02:53]} 33. Nf6+ {[%emt 0:00:08]} Qxf6 {[%emt 0:00:08]} 34. Rxe8 {[%emt 0:00:03]} Bxe8 {[%emt 0:00:07]} 35. Rb7 {[%emt 0:00:07]} Bc6 {[%emt 0:01:36]} 36. Rxa7 {[%emt 0:00:56]} Qg5 {[%emt 0:01:58]} 37. Qf1 {[%emt 0:00:55]} d3 {[%emt 0:01:48]} 38. Be1 {[%emt 0:02:50]} Qg6 {[%emt 0:01:51]} 39. Ra3 {[%emt 0:03:02]} d2 {[%emt 0:02:27]} 40. Bxd2 {[%emt 0:02:03]} Bxd2 {[%emt 0:00:10]} 41. Qf2 {[%emt 0:30:04]} Bf4 {[%emt 0:30:27]} 42. Rb3 {[%emt 0:04:27]} Ne6 {[%emt 0:00:37]} 43. Kh1 {[%emt 0:00:15]} Qe4 {[%emt 0:00:49]} 44. Rb6 {[%emt 0:06:04]} Nd4 {[%emt 0:01:39]} 45. a4 {[%emt 0:00:04]} Bxa4 {[%emt 0:00:26]} 46. Qh4 {[%emt 0:01:33]} Bc6 {[%emt 0:02:04]} 47. Rb2 {[%emt 0:00:05]} Ne6 {[%emt 0:00:47]} 48. Qg4+ {[%emt 0:00:37]} Kf8 {[%emt 0:00:21]} 49. Qh4 {[%emt 0:00:05]} Be5 {[%emt 0:00:40]} 50. Qh6+ {[%emt 0:01:04]} Ke7 {[%emt 0:00:17]} 0-1

[Event "90th GER-ch 2019"]
[Site "Magdeburg"]
[Date "2019.05.30"]
[Round "7.1"]
[White "Huschenbeth, Niclas"]
[Black "Pfreundt, Jakob"]
[Result "1-0"]
[WhiteElo "2603"]
[BlackElo "2392"]
[Annotator "TA"]
[PlyCount "123"]
[EventDate "2019.05.26"]
[EventType "tourn"]
[EventCountry "GER"]
[SourceTitle "playchess.com"]
[Source "ChessBase"]
[SourceQuality "1"]

{[%evp 22,123,8,0,22,1,50,-28,31,-25,-18,-30,-16,-18,-18,-31,-24,-29,0,0,0,0,0,-10,0,0,0,-7,-9,-27,22,26,30,0,24,20,20,13,19,8,20,16,18,6,12,0,0,0,0,7,26,0,0,-13,-14,-14,38,35,122,114,131,139,229,211,502,489,473,452,470,416,494,468,620,620,603,579,611,611,1262,1150,5035,3939,4256,3584,4200,4200,2385,3096,5535,6191,3085,2933,29969,29970,7294,6420,29980,29980,29983,29984,29986,29987,29987,29988]} 1. e4 e5 2. Nf3 Nc6 3. Bb5 a6 4. Ba4 Nf6 5. O-O Be7 6. Re1 b5 7. Bb3 d6 8. a4 Bb7 9. c3 O-O 10. d3 Na5 11. Bc2 c5 12. Nbd2 Re8 {C88: Closed Ruy Lopez: Anti-Marshall Systems} (12... Nc6 13. Nf1 Re8 14. Ng3 h6 15. d4 cxd4 16. cxd4 Nxd4 17. Nxd4 exd4 18. Qxd4 Rc8 19. Bd3 d5 20. e5 Bc5 21. Qf4 Ne4 22. Nxe4 dxe4 23. Bxe4 Bxe4 24. Qxe4 {½-½ (66) Tari,A (2521)-Halkias,S (2534) Berlin 2015}) 13. Nf1 Bf8 14. Ng3 ({Better is} 14. axb5 $14 axb5 15. Bd2) 14... g6 (14... b4 $11) 15. d4 (15. Bg5 $14) 15... cxd4 16. cxd4 exd4 $146 ({Predecessor:} 16... Nc6 17. Bg5 h6 18. Be3 Bg7 19. h3 Rc8 20. Qd2 Kh7 21. axb5 axb5 {0-1 (68) Batory,L (1619)-Mican,K (1814) Vinkovci 2016}) 17. axb5 axb5 18. Nxd4 Qb6 19. b3 Nc6 20. Rxa8 Bxa8 21. Be3 Qa5 22. Bd2 Qb6 23. Be3 Qa5 24. Nxc6 Bxc6 25. Bd2 Qa7 26. Bc3 Qe7 27. Qa1 Bg7 28. b4 Ra8 29. Qb2 Ne8 30. Bb3 Be5 31. f3 Rc8 32. Ne2 Bd7 33. f4 Bg7 34. Bxg7 Nxg7 35. Nc3 {Threatens to win with Nd5.} Bc6 36. Qf2 Qf6 37. Nd5 Bxd5 $1 38. Bxd5 Ne6 (38... Qc3 $11) 39. f5 $36 {[%mdl 2048] White is pushing.} Nd4 (39... Nf8 $14) 40. Rd1 $16 Nc6 41. fxg6 Qxf2+ (41... Qxg6 $16 42. Rc1 Ne7 43. Rxc8+ Nxc8) 42. Kxf2 $18 {And now Rc1 would win.} hxg6 $2 $16 {[%mdl 4096] [#] Endgame KRB-KRN} (42... Nxb4 43. Bxf7+ Kg7 44. Rxd6 Rc2+ 45. Kg3 hxg6) 43. Rc1 $18 Ne7 44. Rxc8+ Nxc8 {KB-KN} 45. Bc6 Kg7 46. Bxb5 Nb6 47. h4 Kf6 48. Ke3 Ke5 49. Be8 d5 {If Black can now play ...Nc4+ this consolidates a bit.} 50. Bxf7 dxe4 51. g4 Kf6 52. Bg8 Ke5 53. b5 Nc8 54. Bf7 Nb6 55. Bxg6 Nd5+ 56. Kf2 Kf4 57. h5 e3+ 58. Ke2 Nc3+ 59. Ke1 {White mates.} Nxb5 60. h6 Nd4 61. h7 Nf3+ 62. Kd1 {Accuracy: White = 59%, Black = 38%.} 1-0

[Event "90th GER-ch 2019"]
[Site "Magdeburg"]
[Date "2019.05.30"]
[Round "7.2"]
[White "Kollars, Dmitrij"]
[Black "Roseneck, Jonas"]
[Result "1-0"]
[WhiteElo "2561"]
[BlackElo "2403"]
[Annotator "TA"]
[PlyCount "63"]
[EventDate "2019.05.26"]
[EventType "tourn"]
[EventCountry "GER"]
[SourceTitle "playchess.com"]
[Source "ChessBase"]
[SourceQuality "1"]

{[%evp 11,63,8,11,-11,10,-35,14,0,43,43,48,44,42,23,45,32,47,29,37,46,80,71,83,67,58,65,100,104,98,83,97,91,131,133,144,143,124,116,97,117,105,103,92,101,96,87,152,136,395,252,289,285,286,235]} 1. c4 g6 2. Nc3 c5 3. g3 Bg7 4. Bg2 Nc6 5. a3 e6 6. Rb1 Nge7 7. b4 {A36: Symmetrical English vs ...g6: 4 Bg2 Bg7} d6 8. e3 (8. Nf3 O-O 9. O-O b6 10. e3 d5 11. bxc5 bxc5 12. Na4 Qd6 13. d3 Ba6 14. Qc2 Rab8 15. Rxb8 Rxb8 16. cxd5 Nxd5 17. e4 {½-½ (33) Ding,L (2773)-Svidler,P (2755) Moscow 2017}) 8... O-O 9. Nge2 {The position is equal.} e5 10. O-O $146 ({Predecessor:} 10. d3 Bf5 11. b5 Na5 12. O-O Rb8 13. h3 Qd7 14. Kh2 b6 {1-0 (50) Melde,B (2108)-Schroeder,J (1970) Dortmund 2018}) 10... Rb8 11. d3 Be6 12. Bd2 Qd7 13. Ne4 cxb4 14. axb4 b5 $1 15. c5 dxc5 16. Nxc5 Qc8 17. Nxe6 Qxe6 18. Qb3 Qd7 19. Rfd1 Rfd8 20. Be1 Nd5 21. Rbc1 {[#] Black must now prevent Qxd5.} Nce7 22. d4 exd4 23. Nxd4 {Strongly threatening Nc6!} Qe8 24. Rc5 {[%cal Rg2d5]} Bxd4 25. Rxd4 Nb6 26. Rd1 $36 {[%mdl 2048] White is really pushing.} Rxd1 27. Qxd1 Rd8 28. Qe2 Nc4 (28... a6 $142) 29. Bc3 $16 Rc8 $2 {[%mdl 8192] [#]} (29... Qd7 $16 30. Bd4 a6) 30. Rxc8 Qxc8 31. Qd3 Nf5 32. Bh3 {Accuracy: White = 88%, Black = 43%.} 1-0

[Event "90th GER-ch 2019"]
[Site "Magdeburg"]
[Date "2019.05.30"]
[Round "7.3"]
[White "Stern, Rene"]
[Black "Kvetny, Mark"]
[Result "1-0"]
[WhiteElo "2538"]
[BlackElo "2414"]
[Annotator "TA"]
[PlyCount "109"]
[EventDate "2019.05.26"]
[EventType "tourn"]
[EventCountry "GER"]
[SourceTitle "playchess.com"]
[Source "ChessBase"]
[SourceQuality "1"]

{[%evp 25,117,11,17,11,8,8,33,31,38,20,31,33,41,35,41,37,125,41,42,43,109,41,47,52,200,200,192,182,190,189,188,148,195,175,284,263,274,258,240,231,324,324,559,474,518,534,598,533,493,480,536,525,525,525,540,531,570,576,581,554,603,508,466,501,489,470,612,600,656,506,608,605,919,904,918,908,918,918,904,887,1651,1453,2123,2056,29984,29985,29985,29985,29985,29986,29987,29988,29993,29994]} 1. Nf3 Nf6 2. c4 d6 3. d4 Nbd7 4. Nc3 e5 5. e4 g6 6. Be2 Bg7 7. O-O O-O 8. d5 Nc5 9. Qc2 a5 10. Be3 b6 11. Nd2 Ng4 12. Bxg4 Bxg4 13. a3 a4 14. Bxc5 {E94: King's Indian: Classical: 6 Be2 e5 7 0-0: Various Black 7th moves} bxc5 15. Nxa4 Qg5 (15... Bh6 16. Nc3 Qg5 17. f4 exf4 18. Nb5 Qe7 19. Rae1 g5 20. b4 cxb4 21. axb4 Bg7 {0-1 (37) Cummings,D (2338)-Lagarde,M (2612) Reykjavik 2019}) 16. f3 $1 {[%cal Rf3g4] White is slightly better.} Bd7 17. Nc3 Bh6 18. Rf2 Qh4 {Threatening ...Be3.} 19. Nf1 f5 $146 ({Predecessor:} 19... Rfb8 20. b3 f5 21. Re2 f4 22. Nd1 g5 23. Nf2 g4 24. Nxg4 Bxg4 25. fxg4 Qxg4 {0-1 (25) Azimov,I (1938)-Belov,N (2106) St Petersburg 2014}) 20. a4 g5 (20... f4 $14) 21. Re1 (21. Nb5 $16) 21... g4 22. fxg4 f4 (22... Qxg4 $14 23. Ne3 Bxe3 24. Rxe3 f4) 23. Nd2 (23. h3 $16) 23... Bxg4 24. Nf3 Bxf3 (24... Qe7 $14) 25. gxf3 $18 Kf7 26. Kh1 Rg8 27. Rg1 Rg3 28. Qe2 Bg5 29. Rfg2 h6 (29... Qh6 $142 30. b3 (30. Rxg3 fxg3 31. Rxg3 Bd2 $16) 30... Bf6 31. Rxg3 fxg3 32. Rxg3 Qc1+ 33. Nd1 Rf8) 30. b3 Qh5 31. Rxg3 fxg3 32. Rxg3 Bf4 (32... Ke7 {might work better.} 33. Nb5 Kd7) 33. Rg4 Kf6 $2 (33... Qh3 34. Qg2 Qxg2+ 35. Rxg2 Bg5) 34. Nb5 Qf7 35. Qe1 Bg5 36. Qg3 Bf4 37. Qh3 Bg5 38. Rg2 Kg7 39. Qg4 Kh8 40. h4 Be3 41. Qg6 Qe7 42. Rg4 Bd2 43. Qe6 Qf8 44. Kg2 Re8 45. Qf5 Qe7 46. Qg6 {[#] Threatens to win with Nxc7!} Ra8 47. Qe6 Qxe6 48. dxe6 {[%mdl 4096] Endgame KRB-KRN} Ba5 49. h5 Kh7 50. Rg6 Bb6 51. Nc3 {Nd5 is the strong threat.} c6 52. Nd1 Bd8 53. Ne3 Rb8 54. Nf5 {[%mdl 64] Double Attack} Bg5 {[#]} 55. a5 {Played: Rg6xg5} 1-0

[Event "90th GER-ch 2019"]
[Site "Magdeburg"]
[Date "2019.05.30"]
[Round "7.4"]
[White "Winterberg, Lukas"]
[Black "Lubbe, Nikolas"]
[Result "0-1"]
[WhiteElo "2376"]
[BlackElo "2431"]
[Annotator "ChessBase"]
[PlyCount "112"]
[EventDate "2019.05.26"]
[EventType "tourn"]
[EventCountry "GER"]
[SourceTitle "playchess.com"]
[Source "ChessBase"]
[SourceQuality "1"]
[TimeControl "40/5400+30:1800+30"]

1. d4 {[%emt 0:00:00]} d6 {[%emt 0:00:00]} 2. Nf3 {[%emt 0:00:34]} Nf6 {[%emt 0:00:00]} 3. c4 {[%emt 0:00:59]} g6 {[%emt 0:00:01]} 4. Nc3 {[%emt 0:00:41]} Bf5 {[%emt 0:00:14]} 5. Nh4 {[%emt 0:02:17]} Bd7 {[%emt 0:00:10]} 6. g3 {[%emt 0:02:28]} Bg7 {[%emt 0:04:53]} 7. Bg2 {[%emt 0:00:18]} Nc6 {[%emt 0:00:35]} 8. O-O {[%emt 0:01:50]} O-O {[%emt 0:01:29]} 9. h3 {[%emt 0:02:44]} a6 {[%emt 0:03:03]} 10. Be3 {[%emt 0:04:39]} Rb8 {[%emt 0:05:03]} 11. c5 {[%emt 0:12:19]} dxc5 {[%emt 0:14:55]} 12. dxc5 {[%emt 0:00:03]} Qc8 {[%emt 0:00:30]} 13. Kh2 {[%emt 0:00:34]} Ne5 {[%emt 0:00:58]} 14. Qc1 {[%emt 0:05:28]} Bc6 {[%emt 0:03:14]} 15. Bxc6 {[%emt 0:05:39]} bxc6 {[%emt 0:03:18]} 16. b3 {[%emt 0:04:45]} Rd8 {[%emt 0:05:58]} 17. Qc2 {[%emt 0:06:02]} Qe6 {[%emt 0:04:26]} 18. Kg2 {[%emt 0:08:02]} Nd5 {[%emt 0:02:31]} 19. Nxd5 {[%emt 0:00:25]} cxd5 {[%emt 0:01:14]} 20. Bd4 {[%emt 0:04:13]} f6 {[%emt 0:09:10]} 21. Rad1 {[%emt 0:00:56]} Nf7 {[%emt 0:01:49]} 22. Nf3 {[%emt 0:02:52]} Qc6 {[%emt 0:01:01]} 23. Bb2 {[%emt 0:02:58]} e5 {[%emt 0:00:20]} 24. Nd2 {[%emt 0:03:33]} Rb5 {[%emt 0:04:03]} 25. Rc1 {[%emt 0:00:29]} Bf8 {[%emt 0:02:00]} 26. Qd3 {[%emt 0:00:25]} f5 {[%emt 0:05:30]} 27. f3 {[%emt 0:05:05]} Bg7 {[%emt 0:04:14]} 28. a4 {[%emt 0:02:00]} Rbb8 {[%emt 0:01:22]} 29. Qc2 {[%emt 0:02:50]} d4 {[%emt 0:02:41]} 30. Qc4 {[%emt 0:00:15]} a5 {[%emt 0:01:01]} 31. Ba3 {[%emt 0:00:23]} Bh6 {[%emt 0:02:48]} 32. Rc2 {[%emt 0:01:35]} d3 {[%emt 0:03:03]} 33. exd3 {[%emt 0:00:23]} Rd4 {[%emt 0:00:18]} 34. Qc3 {[%emt 0:00:02]} Qd5 {[%emt 0:02:20]} 35. Qxa5 {[%emt 0:05:29]} Rxd3 {[%emt 0:01:10]} 36. Qxc7 {[%emt 0:01:10]} Rd8 {[%emt 0:07:55]} 37. Nc4 {[%emt 0:02:35]} Rd7 {[%emt 0:00:29]} 38. Qb8+ {[%emt 0:08:43]} Rd8 {[%emt 0:00:03]} 39. Qb4 {[%emt 0:00:07]} e4 {[%emt 0:01:32]} 40. f4 {[%emt 0:00:57]} Bf8 {[%emt 0:03:50]} 41. Re2 {[%emt 0:03:52]} h5 {[%emt 0:10:43]} 42. h4 {[%emt 0:05:36]} Be7 {[%emt 0:06:44]} 43. Re3 {[%emt 0:03:52]} Kh7 {[%emt 0:04:29]} 44. Rfe1 {[%emt 0:08:25]} Nh6 {[%emt 0:01:15]} 45. Rxd3 {[%emt 0:04:12]} exd3+ {[%emt 0:00:10]} 46. Kh3 {[%emt 0:00:16]} Ng4 {[%emt 0:01:10]} 47. Qd2 {[%emt 0:06:12]} Bxc5 {[%emt 0:00:12]} 48. Bxc5 {[%emt 0:00:12]} Qxc5 {[%emt 0:00:01]} 49. Ne5 {[%emt 0:01:31]} Nf2+ {[%emt 0:04:38]} 50. Kg2 {[%emt 0:01:01]} Ne4 {[%emt 0:00:10]} 51. b4 {[%emt 0:01:29]} Qxe5 {[%emt 0:01:49]} 52. Qxd3 {[%emt 0:01:01]} Qc7 {[%emt 0:01:02]} 53. Qe3 {[%emt 0:00:55]} Qc4 {[%emt 0:01:43]} 54. Rc1 {[%emt 0:00:21]} Qa2+ {[%emt 0:00:22]} 55. Kg1 {[%emt 0:00:08]} Rd2 {[%emt 0:01:21]} 56. Kf1 {[%emt 0:01:07]} Rh2 {[%emt 0:00:51]} 0-1

[Event "90th GER-ch 2019"]
[Site "Magdeburg"]
[Date "2019.05.30"]
[Round "7.5"]
[White "Svane, Frederik"]
[Black "Graf, Alexander"]
[Result "0-1"]
[WhiteElo "2342"]
[BlackElo "2572"]
[Annotator "TA"]
[PlyCount "80"]
[EventDate "2019.05.26"]
[EventType "tourn"]
[EventCountry "GER"]
[SourceTitle "playchess.com"]
[Source "ChessBase"]
[SourceQuality "1"]

{[%evp 14,108,32,23,32,35,49,34,55,47,107,50,60,68,70,6,8,9,60,51,62,52,59,77,192,176,169,160,153,149,396,397,385,-8,-6,-145,-94,-233,-246,-231,-248,-227,-211,-212,-152,-206,-198,-202,-204,-193,-173,-269,-269,-269,-269,-465,-465,-437,-437,-693,-693,-679,-676,-621,-613,-600,-578,-726,-650,-771,-771,-770,-766,-757,-745,-902,-841,-776,-687,-1283,-1104,-1137,-1118,-3870,-2091,-29985,-29986,-29990,-29985,-29988,-29988,-29989,-29990,-29992,-29993,-29995,-29996]} 1. e4 c5 2. Nf3 e6 3. d4 cxd4 4. Nxd4 Nf6 5. Nc3 d6 6. g3 a6 7. Bg2 Qc7 8. O-O Nbd7 {B80: Sicilian Scheveningen: 6 g3 and 6 Be3, including English Attack} (8... Be7 9. Be3 O-O 10. h3 Nc6 11. Nxc6 bxc6 12. Na4 Rb8 13. c4 c5 14. b3 Bb7 15. Nc3 Bc6 16. Qd3 Ba8 17. Rad1 Nd7 18. f4 {1-0 (36) Matlakov,M (2700)-Artemiev,V (2709) St Petersburg 2018}) 9. f4 h5 10. h3 Be7 {White is slightly better.} 11. a4 g6 $146 (11... Nb6 $14) ({Predecessor:} 11... Qb6 12. a5 Qc7 13. Be3 Rb8 14. Qe2 {1-0 (37) Davletbayeva,M (2240)-Batyrbekova,A (2108) Tashkent 2011}) 12. f5 (12. Qe1 $16) 12... gxf5 13. exf5 e5 14. Ne6 (14. Nf3 $14) 14... fxe6 $11 15. fxe6 Nf8 ({Black should play} 15... Nc5 $11 16. Bg5 O-O) 16. Rxf6 $1 $14 {[%mdl 64] Decoy} (16. Bg5 $2 N8h7 $19) 16... Bxf6 17. Nd5 $36 {[%mdl 2048] White has the initiative.} Qg7 18. Qf3 Nh7 (18... Nxe6 $16 {was necessary.} 19. Nxf6+ Kd8) 19. Qxh5+ $18 Kd8 20. Bh6 $1 {[%cal Rh6g7]} Qg8 (20... Qxg3 $2 21. Qf7 $18) 21. Rf1 $1 {[%cal Rf1f6]} Qxe6 $2 (21... Bxe6 $16 22. Nxf6 Nxf6 23. Rxf6 Kd7) 22. Be3 {Strongly threatening Rxf6!} Ng5 23. Qxh8+ $2 (23. Qg6 $1 $18 {White threatens Bb6+ and mate.} Be7 24. Bb6+ Kd7 25. Nf6+ Bxf6 26. Rxf6) 23... Bxh8 $11 24. Rf8+ (24. Bxg5+ $11 Kd7 25. Be4) 24... Kd7 $17 25. Bxg5 (25. Rxh8 $17 {was forced.} Qg6 26. h4) 25... e4 $19 26. Nb6+ Kc6 27. Nxa8 Bd4+ (27... Bxb2 28. Bxe4+ $1 {[%mdl 512]} Kc5 29. Be3+ Bd4 30. Bxd4+ Kxd4 31. Rf4) 28. Kh2 {Threatens to win with Bxe4+!} Bd7 ({Don't take} 28... Bxb2 29. Bxe4+ $1 {[%mdl 512]} Kc5 30. Rf5+ Qxf5 31. Be3+ Kb4 32. Bxf5 $17) 29. c3 (29. Rf4 $17 d5 30. c4 $1 {[%mdl 512]}) 29... Bg7 30. Rf4 Qg8 $1 ({Worse is} 30... d5 31. c4 $1 $14 {[%mdl 512]}) 31. Rxe4 {[%cal Re4c4]} d5 32. Rc4+ (32. Re7 $142 Bh8 33. Rxd7 Kxd7 34. Nb6+ Ke8 35. h4) 32... Kd6 33. Bf4+ ({Reject} 33. Rc7 {[#]} Be5 $1 $19 {[%mdl 512]}) 33... Be5 34. Rd4 $2 (34. Bxe5+ {was worth a try.} Kxe5 35. Rd4 Qxa8 36. Rxd5+ Ke6 37. Rd4) 34... Bxf4 35. Rxd5+ {[#]} Ke7 $1 36. Rxd7+ (36. gxf4 $142 Qxa8 37. Re5+ Kf6 38. Rd5 Bxa4 39. Be4) 36... Kxd7 37. Nb6+ Kd8 38. gxf4 Qb3 $1 {[%csl LRb2,LRb6]} 39. Nd5 Qxb2 40. f5 Qf2 {Played: Qb2-a2} 0-1

[Event "90th GER-ch 2019"]
[Site "Magdeburg"]
[Date "2019.05.30"]
[Round "7.6"]
[White "Krassowizkij, Jaroslaw"]
[Black "Becker, Marcel"]
[Result "1-0"]
[WhiteElo "2450"]
[BlackElo "2308"]
[Annotator "ChessBase"]
[PlyCount "87"]
[EventDate "2019.05.26"]
[EventType "tourn"]
[EventCountry "GER"]
[SourceTitle "playchess.com"]
[Source "ChessBase"]
[SourceQuality "1"]
[TimeControl "40/5400+30:1800+30"]

1. e4 {[%emt 0:00:00]} c6 {[%emt 0:00:00]} 2. d4 {[%emt 0:00:00]} d5 {[%emt 0:00:00]} 3. Nd2 {[%emt 0:00:00]} dxe4 {[%emt 0:00:12]} 4. Nxe4 {[%emt 0:00:00]} Bf5 {[%emt 0:00:17]} 5. Ng3 {[%emt 0:00:00]} Bg6 {[%emt 0:00:13]} 6. h4 {[%emt 0:00:00]} h6 {[%emt 0:00:08]} 7. Nf3 {[%emt 0:00:05]} e6 {[%emt 0:00:13]} 8. h5 {[%emt 0:00:06]} Bh7 {[%emt 0:00:09]} 9. Bd3 {[%emt 0:00:03]} Bxd3 {[%emt 0:00:14]} 10. Qxd3 {[%emt 0:00:04]} Nf6 {[%emt 0:01:05]} 11. Bd2 {[%emt 0:00:18]} c5 {[%emt 0:00:47]} 12. Ne4 {[%emt 0:00:24]} Nxe4 {[%emt 0:00:47]} 13. Qxe4 {[%emt 0:00:10]} Nc6 {[%emt 0:01:35]} 14. Bc3 {[%emt 0:00:30]} c4 {[%emt 0:02:09]} 15. Ne5 {[%emt 0:18:11]} Qd5 {[%emt 0:00:34]} 16. Qg4 {[%emt 0:00:54]} b5 {[%emt 0:06:02]} 17. Nxc6 {[%emt 0:05:58]} Qxc6 {[%emt 0:00:02]} 18. d5 {[%emt 0:00:34]} Qxd5 {[%emt 0:02:27]} 19. Rd1 {[%emt 0:00:09]} Qc6 {[%emt 0:05:31]} 20. O-O {[%emt 0:05:31]} Rg8 {[%emt 0:04:35]} 21. a4 {[%emt 0:14:36]} b4 {[%emt 0:13:15]} 22. Be5 {[%emt 0:05:36]} Be7 {[%emt 0:05:19]} 23. Rd4 {[%emt 0:04:42]} Rc8 {[%emt 0:01:23]} 24. Rfd1 {[%emt 0:15:47]} g6 {[%emt 0:02:23]} 25. Rd7 {[%emt 0:08:19]} Qxd7 {[%emt 0:03:27]} 26. Rxd7 {[%emt 0:00:06]} Kxd7 {[%emt 0:00:12]} 27. Qd4+ {[%emt 0:00:11]} Ke8 {[%emt 0:00:10]} 28. Qxa7 {[%emt 0:00:14]} f6 {[%emt 0:02:08]} 29. Bc7 {[%emt 0:02:49]} b3 {[%emt 0:06:14]} 30. cxb3 {[%emt 0:00:50]} cxb3 {[%emt 0:00:30]} 31. Qb7 {[%emt 0:03:27]} Kf7 {[%emt 0:00:23]} 32. Bd6 {[%emt 0:00:36]} Rce8 {[%emt 0:02:48]} 33. a5 {[%emt 0:06:02]} Kf8 {[%emt 0:05:06]} 34. hxg6 {[%emt 0:03:45]} Rg7 {[%emt 0:00:35]} 35. Bxe7+ {[%emt 0:01:00]} Rgxe7 {[%emt 0:00:12]} 36. Qxb3 {[%emt 0:00:08]} Kg7 {[%emt 0:01:19]} 37. Qa4 {[%emt 0:01:00]} Rb8 {[%emt 0:06:35]} 38. b4 {[%emt 0:06:07]} Reb7 {[%emt 0:00:34]} 39. a6 {[%emt 0:00:17]} Rxb4 {[%emt 0:00:07]} 40. a7 {[%emt 0:00:07]} Rb1+ {[%emt 0:04:51]} 41. Kh2 {[%emt 0:30:07]} Kxg6 {[%emt 0:30:32]} 42. Qe4+ {[%emt 0:01:31]} Kg7 {[%emt 0:00:43]} 43. axb8=R {[%emt 0:00:08]} Rxb8 {[%emt 0:00:15]} 44. Qxe6 {[%emt 0:00:06]} 1-0